000 00329nam a22001337a 4500
020 _a0-340-89309-5
082 _a823
_bBLY/S
100 _aENID BLYTON
245 _aWELL DONE, SECRET SEVEN
260 _aGREAT BRITAIN
_bHODDER CHILDREN'S BOOK
_c2004
300 _a118
650 _aCHILDREN'S STORY BOOK
_zUNITED KINGDOM
942 _cBK
999 _c154
_d154